| 000 | 00369nam a22001577a 4500 | ||
|---|---|---|---|
| 005 | 20160630092715.0 | ||
| 008 | 160630b xxu||||| |||| 00| 0 eng d | ||
| 041 | _aeng | ||
| 082 | _b10896 | ||
| 100 |
_aJain, R.K. _93255 |
||
| 245 | _aEngineering Metrology | ||
| 260 |
_bKhanna Publishers _c1981 |
||
| 300 | _a891 | ||
| 650 |
_aDeploma Engineering _93051 |
||
| 942 | _cBK | ||
| 999 |
_c4806 _d4804 |
||